00878nam a2200205 a 450000100100000000500170001000800410002702000150006804000250008308200270010824501520013526000490028730000270033670000480036370000350041170000350044670000460048195201300052799900150065700000268720200929150234.0090703s2007 cu a 000 0 spa d a9592102554 aDO-SdBNPbspacBNPHU axxxxxxxxxxbxxxxxxxxxx03aEl Generalísimo. /cedición Jacquelline Teillagorry Criado ; Diana Lio Busquet ; ilustraciones Luis Lorenzo Sosa, Domingo García Rodríguez. aLa Habana, Cuba :bEdiciones Abril ;,c2007. a32 p. :bil. ;c28 cm.1 aTeillagorry Criado, Jacquelline,eed.984681 aLio Busquet, Diana,eed.984691 aLorenzo Sosa, Luis,eil.984701 aGarcía Rodríguez, Domingo,eil.98471 001052708MOaGRbGRcHDd2009-07-03iLF1l0oxxxxxxxxxx xxxxxxxxxxp2687-10r2020-06-25w2020-06-25y2ZPréstamo interno c2523d2523